Score 0/30 Timer 09:00
0 Plays Today
Crew/Passengers Ship % Correct
Ham, Japheth, various animalsTavat No'ach
67%
Capt. Nemo, Prof. Arronax, Ned LandThe Nautilus
57.7%
King Caspian X, Lucy Pevensie, ReepicheepThe Dawn Treader
52.5%
Capt. Ramius, Political Officer Putin, Navigational Officer KamarovRed October
50.5%
Jason, Herakles, OrpheusArgo
49.7%
Capt. Ahab, Queequeg, IshmaelThe Pequod
35.8%
Capt. Hook, Boatswain Smee, First Mate StarkeyThe Jolly Roger
23.9%
Capt. Queeg, Lt. Keefer, Lt. MarykUSS Caine
20.9%
Charlie Allnutt, Rose SayerThe African Queen
14.8%
Capt. Smollett, Long John Silver, Jim HawkinsThe Hispaniola
13.9%
John, Susan, and Roger WalkerThe Swallow
9.1%
Capt. Pugwash, Tom the Cabin Boy, WillyThe Black Pig
7.8%
Count Dracula, doomed Russian sailorsThe Demeter
5%
Capt. Aubrey, Dr. Maturin, 1st lt. DillonHMS Sophie
4.8%
The Captain, his young daughter, an old sailor who 'had sailed to the Spanish Main.'The Hesperus
4.7%
Crew/Passengers Ship % Correct
Le Chevalier François de HadoqueLa Licorne
4.6%
Rev. Scott, Det. Rogo, Mary KinsaleSS Poseidon
4.5%
Capt. Flint, Israel Hands, Ben GunnThe Walrus
3.4%
Capt. Hornblower, some pearl-diversHMS Atropos
3%
Travis McGeeThe Busted Flush
3%
Eärendil, ElwingVingilótë
2.8%
Para Handy, Engineer MacPhail, Dougie the MateThe Vital Spark
2.6%
Ged, an old fisherman with cataractsLookfar
2.1%
Hrym, Loki, legions of jötnarNaglfar
2%
Capt. Blood, Nicholas Dyke, Ned OgleArabella
2%
Capt. Brashen Trell/Althea Vestrit/AmberParagon
1.6%
Capt. McWhirr, First Mate Jukes, Solomon RoutNan-Shan
1.5%
Brother Brutha, VorbisThe Fin of God
1.4%
Capt. Conway, Midshipman Bolitho, Midshipman DancerHMS Gorgon
1.4%
Capt. Ball, First Mate Montgomery, Mr. GlencannonThe Inchcliffe Castle
0.8%
Remove Ads.
Support Sporcle.
Get the best of Sporcle when you Go Orange. This ad-free experience offers more features, more stats, and more fun while also helping to support Sporcle. Thank you for becoming a member.

You're not logged in!

Compare scores with friends on all Sporcle quizzes.
OR
Log In

Show Comments

Extras

Top Quizzes Today


Score Distribution

Your Account Isn't Verified!

In order to create a playlist on Sporcle, you need to verify the email address you used during registration. Go to your Sporcle Settings to finish the process.

Report this User

Report this user for behavior that violates our Community Guidelines.

Details: